Une lettre suffit pour répondre juste #108 (attention 10 lettres tuent) - Statistiques

Statistiques générales
  • Ce quiz a été pris 61 fois
  • Le résultat moyen est 4 sur 6
Statistiques - réponses
Hint Réponse % Correct
Donne une des 5 lettres qui compose le nom de la région alpine de l’Europe centrale en orange et vert ci-dessous. Il s’étend sur la chaîne des Alpes orientales, sur une partie de l'Autriche et de l'Italie : le _ _ _ _ _
TYROL
100%
Donne une des 4 lettres qui complète le nom donné à ce dessert français composé d'une crêpe au beurre (?), une sauce à base de sucre caramélisé et de beurre, de jus de mandarine ou d'orange, de zeste et de liqueur Grand Marnier ou de curaçao. Elle est généralement servie flambée contrairement à la recette originale :
la crêpe _ _ _ _tte
SUZE
95%
Donne une des 3 lettres qui complète le nom de ce type de veste de laine boutonnée par devant (ici masculin sur une photo de mode de 1947) : Le (gilet) cardi _ _ _
GAN
92%
Donne une des 2 lettres qui complète le surnom de l'équipe d'Argentine de rugby à XV :Les _u_as
PM
69%
Donne la lettre qui complète le nom de ce groupe de rappeur belge dont voici l'extrait du clip de leur premier single "Vous êtes fous !" : Benny _
B
54%
Donne la lettre qui complète le nom du personnage interprété par Noémie Lenoir dans le film Astérix et Obélix : Mission Cléopâtre (2002) : Guimieu_is
K
19%
Aucun quiz correspondant
Distribution des résultats
% des personnes avec chaque résultat
Percentile par nombre de réponses
Votre historique - résultats
Vous n’avez pas pris ce quiz